000 01821ncm0a2200361 4500
001 RU\NLR\ONIZ\218874
005 20250626062719.0
035 _a(NLR Aleph) 011415360
090 _a11581689
_c11581689
100 _a20170622d2005 |||y0rusy50 ca
101 0 _arus
102 _aRU
125 _aax
200 1 _aОхотничий рожок
_bНоты
_eфортепиан. пьесы для детей (мл. кл.)
_fЛ. Моцарт, В. А. Моцарт
_gред.-сост. Л. Криштоп
210 _aСанкт-Петербург
_cГармония
_d2005
215 _a53 с.
_d29 см
327 1 _a1. 6 менуэтов ; Сарабанда ; Бурлеска; Ария ; Англез ; Охотничий рожок ; Жига / Л. Моцарт. 2. 11 менуэтов ; Анданте ; 2 арии ; Паспье ; Аллегро ; Волынка ; Контрданс ; 2 рондо / В. А. Моцарт
606 1 _aТанцы для фортепиано
_yАвстрия
_z18 в.
_jНоты
_2nlr_sh
606 1 _aФортепианные пьесы для детей младшего возраста
_jНоты
_2nlr_sh
686 _aЩ985.42я43(4А)
_vLBC/SL
_2rubbk
686 _aЩ954.2-058.55я43(4А)
_vLBC/SL
_2rubbk
700 1 _9z02790
_aМоцарт
_bИ. Г. Л.
_f1719-1787
_gИоганн Георг Леопольд
_4230
_7ca
701 1 _9z03790
_aМоцарт
_bВ. А.
_f1756-1791
_gВольфганг Амадей
_4230
_7ca
790 1 _9z02700
_aMozart
_bL.
_f1719-1787
_gLeopold
_4230
_7ba
790 1 _9z03701
_aMozart
_bW. A.
_f1756-1791
_gWolfgang Amadeus
_4230
_7ba
801 0 _aRU
_bNLR
_c20170622
_gPSBO
801 1 _aRU
_bNLR
_c20170622
_2rusmarc
801 2 _aRU
_bNLR
_c20170628
852 _aNLR
_bМ
_jК-3/26206
_p278528
_t1
942 _cSCORE
980 _aNB
980 _aONIZ